Biblioteca

Iglesias en transformación : Un boletín de renovación personal y congregacional / CELEP (Registro nro. 42985)

Detalles MARC
000 -LÍDER
Campo fijo de descripción fija 006140000a22001330004500
001 - NÚMERO DE CONTROL
Campo de control 14072
041 0# - CÓDIGO DE IDIOMA
Código de idioma para texto/pista de sonido o título separado
082 04 - NÚMERO DE CLASIFICACIÓN DECIMAL DEWEY
Número de clasificación AV 0202
110 1# - ASIENTO PRINCIPAL--NOMBRE CORPORATIVO
Nombre corporativo o de jurisdicción como elemento de entrada Centro Evangélico Latinoamericano de Estudios Pastorales CELEP
245 10 - TÍTULO
Título del Material Iglesias en transformación : Un boletín de renovación personal y congregacional / CELEP
300 ## - DESCRIPCIÓN FÍSICA
Extensión 12 Pág.
505 00 - NOTA DE CONTENIDO
Nota de contenido con formato preestablecido - La cultura : Cauce o traba al comunicar nuestra fe. Savage, Pedro - Proclamemos las buenas nuevas del Reino. Costas, Orlando - Comentarios : La comunicación nunca es fácil - El desafío de la comunicación del evangelio. Urberto Barbiere, Sante
942 ## - TIPO DE MATERIAL (KOHA)
Tipo de Item KOHA Libros General
Existencias
Estado de Material Estado de Perdido Forma de Clasificación Estado de Dañado No para Préstamo Colección Tomo Biblioteca de Origen Biblioteca Permanente Fecha de Adquisición Total de Préstamos Signatura Topográfica Código de Barras Última vez visto Última vez Préstado Ejemplar/Existencia Fecha de Remplazo Tipo de Material
    Dewey Decimal Classification     Colección Folletos   Biblioteca FUSBC Biblioteca FUSBC 25/10/2006 3 AV 0202 23299 30/04/2024 24/04/2024 1 26/01/2016 Documentos Archivo Vertical

Biblioteca FUSBC | Teléfono: (57+4) 349 88 10 Ext. 141| WhatsApp (+57) 3005338115 
E-mail: biblioteca@unisbc.edu.co | Calle 76 87-14 Robledo Palenque, Medellín, Colombia

Con tecnología Koha